| 000 | 01777nam a22003734a 4500 | ||
|---|---|---|---|
| 001 | ebr10288123 | ||
| 003 | CaPaEBR | ||
| 006 | m u | ||
| 007 | cr cn||||||||| | ||
| 008 | 070306s2008 nyua sb 001 0 eng | ||
| 010 | _z 2007009555 | ||
| 016 | 7 |
_z101301078 _2DNLM |
|
| 020 | _z9781932603422 (pbk. : alk. paper) | ||
| 020 | _z1932603425 (pbk. : alk. paper) | ||
| 040 |
_aCaPaEBR _cCaPaEBR |
||
| 035 | _a(OCoLC)327854578 | ||
| 050 | 1 | 4 |
_aRC382 _b.F85 2008eb |
| 082 | 0 | 4 |
_a616.8/33 _222 |
| 100 | 1 | _aFriedman, Joseph H. | |
| 245 | 1 | 0 |
_aMaking the connection between brain and behavior _h[electronic resource] : _bcoping with Parkinson's disease / _cJoseph H. Friedman. |
| 260 |
_aNew York, NY : _bDemos Health, _cc2008. |
||
| 300 |
_axix, 193 p. : _bill. |
||
| 500 | _aIncludes index. | ||
| 504 | _aIncludes bibliographical references and index. | ||
| 505 | 0 | _aOverview -- Personality -- Fatigue -- Apathy -- Depression -- Anxiety -- Dementia -- Hallucinations -- Delusions -- Confusion and delirium -- Compulsive behavior -- Sleep -- Surgery for Parkinson's disease -- Driving -- Caregivers and family -- Why you should not go to the emergency department (and why you should!). | |
| 533 |
_aElectronic reproduction. _bPalo Alto, Calif. : _cebrary, _d2013. _nAvailable via World Wide Web. _nAccess may be limited to ebrary affiliated libraries. |
||
| 650 | 0 |
_aParkinson's disease _xComplications. |
|
| 650 | 0 |
_aParkinson's disease _xPsychological aspects. |
|
| 650 | 0 |
_aParkinson's disease _xPatients _xFamily relationships. |
|
| 650 | 0 | _aCaregivers. | |
| 655 | 7 |
_aElectronic books. _2local |
|
| 710 | 2 | _aebrary, Inc. | |
| 856 | 4 | 0 |
_uhttp://site.ebrary.com/lib/rucke/Doc?id=10288123 _zAn electronic book accessible through the World Wide Web; click to view |
| 999 |
_c912 _d912 |
||